000 01010nam a22003257a 4500
001 BR2016005099
003 BR-BrBNA
005 20230928105020.0
007 ta
008 230509b bl.||||| |||| 00| 0 por d
040 _aBR-BrBNA
_bpor
_cBiblioteca Nacional de Agricultura
041 _a(Por)
072 _aL60; P01
090 _ L60 BR2016005099
100 1 _aMikich, S.B. (ed.)
100 1 _aBérnils, R.S. (ed.)
110 1 _aInstituto Ambiental do Paraná, Curitiba, PR (Brasil)
_95668
110 1 _aMater Natura Instituto de Estudos Ambientais, Curitiba, PR (Brasil)
245 1 _aLivro vermelho da fauna ameaçada no Estado do Paraná
260 3 _aCuritiba, PR (Brasil):
_c2004.
300 _a764 p.
500 _aIncludes several bibliographies.; Summary (Por); 716 illus.; 3 tables
650 _aFAUNA
650 _aPARANÁ
650 _aESPÉCIE EM EXTINÇÃO
650 _aBIODIVERSIDADE
650 _aCONSERVAÇÃO
909 _a202309
_bLucia
_c55
_dLucia Elande
942 _cBK
999 _c82946
_d82946